[Event "1st FIDE OWCCCC Pools-East 2021"]
[Site "Online"]
[Date "2021.02.20"]
[Round "6.28"]
[White "Sahasrabudhe, Rajesh"]
[Black "Veldhuizen, Dirk"]
[Result "0-1"]
[WhiteElo "1556"]
[BlackElo "1918"]
[Annotator "NA"]
[PlyCount "110"]
[EventDate "2021.02.19"]
[EventType "team-tourn"]
[EventCountry "NET"]
[SourceTitle "playchess.com"]
[Source "ChessBase"]
[SourceQuality "1"]

1. e4 e6 2. a3 d5 3. e5 c5 4. c3 Nc6 5. Nf3 Bd7 6. d4 Qa5 7. Bd2 c4 8. Be2 Nge7 9. Nh4 Ng6 10. Nxg6 hxg6 11. h3 Qb6 12. Bc1 Na5 13. Nd2 Be7 14. Rb1 Bg5 15. b4 Bxd2+ 16. Bxd2 Nb3 17. Bf4 Qa6 18. Rxb3 Ba4 19. Qb1 Bxb3 20. Qxb3 Qb6 21. Qc2 a5 22. O-O axb4 23. axb4 O-O 24. Be3 Ra7 25. Bg5 Rfa8 26. Qd2 Ra2 27. Qe3 R8a3 28. Be7 Qc7 29. Bc5 b6 30. Bd6 Qd7 31. b5 Rb3 32. Bb4 Qxb5 33. Bd1 Rbb2 34. Qg5 Qd7 35. Bg4 Qe8 36. Qc1 Qd8 37. Bd1 Qh4 38. Bf3 Rxf2 39. Qe3 Rxf1+ 40. Kxf1 Ra1+ 41. Ke2 Re1+ 42. Kd2 Rxe3 43. Kxe3 g5 44. Be7 Qe1+ 45. Be2 Qxc3+ 46. Kf2 Qxd4+ 47. Kf1 Qxe5 48. Bf3 c3 49. Ba3 c2 50. Kf2 Qa1 51. Be7 c1=Q 52. Kg3 Qe1+ 53. Kh2 Qh1+ 54. Kg3 Qae1+ 55. Kg4 Qh4# 0-1

[Event "1st FIDE OWCCCC Pools-East 2021"]
[Site "Online"]
[Date "2021.02.20"]
[Round "6.28"]
[White "Vinoth Kumar Kannan"]
[Black "Kojidi, Faezeh"]
[Result "1-0"]
[WhiteElo "1255"]
[BlackElo "859"]
[Annotator "NA"]
[PlyCount "48"]
[EventDate "2021.02.19"]
[EventType "team-tourn"]
[EventCountry "NET"]
[SourceTitle "playchess.com"]
[Source "ChessBase"]
[SourceQuality "1"]

1. d4 d5 2. c4 e5 3. e3 Nc6 4. cxd5 Bb4+ 5. Bd2 Bxd2+ 6. Qxd2 Nce7 7. dxe5 Qxd5 8. Nf3 Bf5 9. Nc3 Qxd2+ 10. Nxd2 O-O-O 11. O-O-O Nh6 12. h3 f6 13. exf6 gxf6 14. Bc4 Nc6 15. Nf3 a6 16. g4 Bd7 17. Nd4 b5 18. Bd5 b4 19. Bxc6 Bxc6 20. Nxc6 Rd3 21. Rxd3 bxc3 22. Rxc3 Rf8 23. e4 f5 24. exf5 Kb7 1-0

[Event "1st FIDE OWCCCC Pools-East 2021"]
[Site "Online"]
[Date "2021.02.20"]
[Round "6.28"]
[White "Shobhit B Tayal"]
[Black "Maglio, Fabio"]
[Result "0-1"]
[WhiteElo "1128"]
[BlackElo "1600"]
[Annotator "NA"]
[PlyCount "140"]
[EventDate "2021.02.19"]
[EventType "team-tourn"]
[EventCountry "NET"]
[SourceTitle "playchess.com"]
[Source "ChessBase"]
[SourceQuality "1"]

1. e4 e5 2. Nf3 Nc6 3. Bc4 Bc5 4. O-O Nf6 5. d3 h6 6. c3 d6 7. a4 a6 8. Nbd2 O-O 9. h3 Nh7 10. b4 Ba7 11. Re1 Ng5 12. Nxg5 Qxg5 13. Nf3 Qg6 14. Kf1 Kh8 15. Be3 Bxe3 16. Rxe3 f5 17. Nh4 Qg5 18. Nxf5 Bxf5 19. exf5 Rxf5 20. Rf3 Raf8 21. Rxf5 Qxf5 22. Qe2 Ne7 23. Re1 Ng6 24. Qe3 Nf4 25. Qg3 Nh5 26. Qe3 Nf4 27. b5 a5 28. Qg3 b6 29. Qe3 d5 30. Qxe5 dxc4 31. Qxf5 Rxf5 32. dxc4 Nd3 33. Re7 Rxf2+ 34. Kg1 Rc2 35. Rxc7 Rxc3 36. Rc6 Nb2 37. Rxb6 Rxc4 38. Rb8+ Kh7 39. b6 Nxa4 40. b7 Rb4 41. Ra8 Rxb7 42. Rxa5 Nc3 43. Re5 Rb2 44. g4 Kg6 45. Kh1 Kf6 46. Rf5+ Ke6 47. Rf3 Nd5 48. h4 Rb4 49. Rg3 Nf6 50. g5 hxg5 51. hxg5 Nh5 52. Rh3 g6 53. Kh2 Kf5 54. Rc3 Kxg5 55. Rc5+ Kg4 56. Kg2 Rb2+ 57. Kf1 Kf3 58. Rc3+ Kg4 59. Rc6 g5 60. Rh6 Nf4 61. Rf6 Kg3 62. Ke1 g4 63. Kd1 Kf3 64. Rf8 g3 65. Rg8 g2 66. Kc1 Rf2 67. Kd1 Rf1+ 68. Kd2 g1=Q 69. Rxg1 Rxg1 70. Kc3 Rd1 0-1

[Event "1st FIDE OWCCCC Pools-East 2021"]
[Site "Online"]
[Date "2021.02.20"]
[Round "6.29"]
[White "Purton, Ben J"]
[Black "Dominguez Alcon, Victor"]
[Result "1/2-1/2"]
[WhiteElo "2154"]
[BlackElo "2158"]
[Annotator "NA"]
[PlyCount "88"]
[EventDate "2021.02.19"]
[EventType "team-tourn"]
[EventCountry "NET"]
[SourceTitle "playchess.com"]
[Source "ChessBase"]
[SourceQuality "1"]

1. d4 d5 2. Nf3 Nf6 3. c4 c6 4. Nc3 e6 5. g3 Nbd7 6. Bg2 dxc4 7. O-O b5 8. a4 Qb6 9. Ne5 Nxe5 10. dxe5 Nd5 11. axb5 Bb7 12. bxc6 Qxc6 13. Be3 a6 14. Ra5 Rd8 15. Nxd5 exd5 16. Bd4 Bb4 17. Ra1 O-O 18. e3 Bc8 19. Qc2 g6 20. Rfd1 Bf5 21. Qc1 Be4 22. f3 Bf5 23. g4 Be6 24. Qc2 Bc5 25. Qc3 Rb8 26. Rdc1 Bxd4 27. Qxd4 Rb3 28. f4 Qb5 29. f5 gxf5 30. gxf5 Bxf5 31. Bxd5 Rxb2 32. Bxc4 Qb6 33. Qxb6 Rxb6 34. Rxa6 Rxa6 35. Bxa6 Ra8 36. Bb7 Ra5 37. Kf2 Rxe5 38. Kf3 Re7 39. Bd5 Bg6 40. h4 Kg7 41. Rc5 Re5 42. Kf4 Rf5+ 43. Kg4 Re5 44. Kf4 Rf5+ 1/2-1/2

[Event "1st FIDE OWCCCC Pools-East 2021"]
[Site "Online"]
[Date "2021.02.20"]
[Round "6.29"]
[White "Rajaraman V"]
[Black "Lits, Benedek"]
[Result "0-1"]
[WhiteElo "1872"]
[BlackElo "1718"]
[Annotator "NA"]
[PlyCount "62"]
[EventDate "2021.02.19"]
[EventType "team-tourn"]
[EventCountry "NET"]
[SourceTitle "playchess.com"]
[Source "ChessBase"]
[SourceQuality "1"]

1. e4 e6 2. d4 d5 3. e5 c5 4. c3 Nc6 5. Nf3 Bd7 6. a3 Rc8 7. Be2 Qb6 8. O-O cxd4 9. cxd4 Na5 10. b4 Nc4 11. Nc3 Ne7 12. Na4 Qc6 13. Nc5 b6 14. Nxd7 Qxd7 15. a4 Nc6 16. Bxc4 dxc4 17. b5 Nb4 18. Be3 Nd5 19. Rc1 Bb4 20. Ne1 O-O 21. Nc2 Ba5 22. Qg4 Kh8 23. Bd2 c3 24. Be1 a6 25. f4 axb5 26. axb5 Qxb5 27. f5 Qd7 28. Rf3 exf5 29. Qxf5 Qxf5 30. Rxf5 b5 31. Bf2 b4 0-1

[Event "1st FIDE OWCCCC Pools-East 2021"]
[Site "Online"]
[Date "2021.02.20"]
[Round "6.29"]
[White "Furtak, Joanna"]
[Black "Lukyanov, Artem"]
[Result "1-0"]
[WhiteElo "1868"]
[BlackElo "1462"]
[Annotator "NA"]
[PlyCount "85"]
[EventDate "2021.02.19"]
[EventType "team-tourn"]
[EventCountry "NET"]
[SourceTitle "playchess.com"]
[Source "ChessBase"]
[SourceQuality "1"]

1. e4 c5 2. Nf3 d6 3. d4 cxd4 4. Nxd4 Nf6 5. Nc3 a6 6. h3 e5 7. Nde2 Nc6 8. g4 h6 9. Bg2 Be6 10. O-O Be7 11. Ng3 Qc7 12. Nd5 Bxd5 13. exd5 Na7 14. Nf5 Bf8 15. c3 O-O-O 16. a4 Kb8 17. Be3 Nc8 18. a5 g6 19. Ng3 h5 20. g5 Nh7 21. f4 Bg7 22. f5 gxf5 23. Nxf5 Bf8 24. Qxh5 Qd7 25. Qf3 Rg8 26. h4 f6 27. gxf6 Nxf6 28. Nxd6 Bxd6 29. Qxf6 Qg4 30. Bg5 Ka8 31. Qe6 Rxg5 32. hxg5 Bc5+ 33. Rf2 Qg3 34. Qf6 Rf8 35. Qxf8 Bxf8 36. Rxf8 Kb8 37. d6 Qe3+ 38. Kh2 Qd3 39. Raf1 Qxd6 40. R1f7 e4+ 41. Kg1 e3 42. Rxb7+ Ka8 43. Rxc8+ 1-0

[Event "1st FIDE OWCCCC Pools-East 2021"]
[Site "Online"]
[Date "2021.02.20"]
[Round "6.29"]
[White "Tiwari, Bhaskar"]
[Black "Rosenberg, Daniel B"]
[Result "1/2-1/2"]
[WhiteElo "1645"]
[BlackElo "2200"]
[Annotator "ChessBase"]
[PlyCount "107"]
[EventDate "2021.02.19"]
[EventType "team-tourn"]
[EventCountry "NET"]
[SourceTitle "playchess.com"]
[Source "ChessBase"]
[SourceQuality "1"]

1. e4 c5 2. Nf3 Nc6 3. d4 cxd4 4. Nxd4 Nf6 5. Nc3 e5 6. Ndb5 d6 7. Bg5 a6 8. Na3 b5 9. Nd5 Be7 10. Bxf6 Bxf6 11. c4 b4 12. Nc2 Rb8 13. b3 Bg5 14. Bd3 O-O 15. O-O g6 16. Qe1 a5 17. Qe2 Be6 18. Rad1 Bh6 19. h3 Rb7 20. Nde3 Qh4 21. Ng4 Bg7 22. Kh2 h5 23. g3 Qd8 24. Nge3 Bh6 25. Nd5 Kg7 26. f4 exf4 27. gxf4 Qh4 28. Qf3 Bg4 29. Qg3 Qxg3+ 30. Kxg3 Bxd1 31. Rxd1 f6 32. h4 Kf7 33. Rf1 Ra8 34. Nce3 Ne7 35. Nxe7 Rxe7 36. Nd5 Rb7 37. Rc1 Bf8 38. f5 g5 39. Be2 g4 40. c5 dxc5 41. Bc4 Bd6+ 42. Kg2 Kg7 43. Rd1 Be5 44. Ne3 Bd4 45. Nd5 a4 46. Re1 axb3 47. Bxb3 Rc8 48. Rc1 Be5 49. Rd1 Bd4 50. Rc1 Be5 51. Rd1 Rd8 52. Rd3 Bd4 53. Rd1 Rc8 54. Rc1 1/2-1/2

[Event "1st FIDE OWCCCC Pools-East 2021"]
[Site "Online"]
[Date "2021.02.20"]
[Round "6.29"]
[White "Negi, Alpana"]
[Black "Kachkachishvili, Lasha"]
[Result "0-1"]
[WhiteElo "1097"]
[BlackElo "1681"]
[Annotator "NA"]
[PlyCount "46"]
[EventDate "2021.02.19"]
[EventType "team-tourn"]
[EventCountry "NET"]
[SourceTitle "playchess.com"]
[Source "ChessBase"]
[SourceQuality "1"]

1. Nf3 Nf6 2. d4 e6 3. e3 b6 4. Bd3 Bb7 5. O-O Be7 6. c3 O-O 7. Re1 d5 8. Rf1 c5 9. Ne1 Nc6 10. f3 e5 11. e4 cxd4 12. exd5 Qxd5 13. Qc2 Rad8 14. f4 e4 15. Nd2 exd3 16. Qxd3 dxc3 17. bxc3 Qxd3 18. Nxd3 Rxd3 19. f5 Bc5+ 20. Kh1 Ne5 21. Nf3 Nxf3 22. Rxf3 Rxf3 23. gxf3 Bxf3# 0-1

[Event "1st FIDE OWCCCC Pools-East 2021"]
[Site "Online"]
[Date "2021.02.20"]
[Round "6.30"]
[White "Brandi, Flaviano"]
[Black "Yaschuk, Gregory"]
[Result "0-1"]
[WhiteElo "1927"]
[BlackElo "1813"]
[Annotator "NA"]
[PlyCount "74"]
[EventDate "2021.02.19"]
[EventType "team-tourn"]
[EventCountry "NET"]
[SourceTitle "playchess.com"]
[Source "ChessBase"]
[SourceQuality "1"]

1. e4 Nf6 2. Nc3 d5 3. exd5 Nxd5 4. Bc4 Nxc3 5. Qf3 e6 6. Qxc3 Nc6 7. Nf3 Qf6 8. Qxf6 gxf6 9. c3 Bd7 10. d4 O-O-O 11. Bf4 Rg8 12. g3 Ne7 13. O-O-O Bc6 14. Be2 Ng6 15. Be3 e5 16. Rhe1 e4 17. Nd2 f5 18. Bg5 Be7 19. Bxe7 Nxe7 20. Nc4 f6 21. Ne3 b5 22. Bf1 Kb7 23. Bh3 Rg5 24. Rd2 Rh5 25. Bf1 Rxh2 26. g4 f4 27. Ng2 Ng6 28. b3 Re8 29. c4 bxc4 30. bxc4 Bd7 31. d5 Bxg4 32. c5 a6 33. Rb2+ Ka7 34. Kd2 e3+ 35. fxe3 f3 36. Reb1 fxg2 37. Rb7+ Ka8 0-1

[Event "1st FIDE OWCCCC Pools-East 2021"]
[Site "Online"]
[Date "2021.02.20"]
[Round "6.30"]
[White "Kapustin, Artem"]
[Black "Krasenkow, Michal"]
[Result "1-0"]
[WhiteElo "1896"]
[BlackElo "2597"]
[Annotator "ChessBase"]
[PlyCount "51"]
[EventDate "2021.02.19"]
[EventType "team-tourn"]
[EventCountry "NET"]
[SourceTitle "playchess.com"]
[Source "ChessBase"]
[SourceQuality "1"]

1. d4 Nf6 2. Nf3 c5 3. c4 cxd4 4. Nxd4 e5 5. Nf3 Nc6 6. Nc3 Bb4 7. Qb3 Bxc3+ 8. Qxc3 d6 9. Bg5 h6 10. Bxf6 Qxf6 11. e3 Be6 12. Be2 O-O 13. O-O d5 14. Rfd1 Rfd8 15. cxd5 Bxd5 16. Rac1 Rac8 17. Qa3 Qe6 18. b3 Be4 19. h3 a6 20. Qa4 Rxd1+ 21. Rxd1 Bg6 22. Nh4 Bh7 23. Bg4 f5 24. Be2 Rd8 25. Rxd8+ Nxd8 26. Bc4 1-0

[Event "1st FIDE OWCCCC Pools-East 2021"]
[Site "Online"]
[Date "2021.02.20"]
[Round "6.30"]
[White "Benyo, Zoltan"]
[Black "Chini, Fabrizio"]
[Result "0-1"]
[WhiteElo "1871"]
[BlackElo "1555"]
[Annotator "NA"]
[PlyCount "36"]
[EventDate "2021.02.19"]
[EventType "team-tourn"]
[EventCountry "NET"]
[SourceTitle "playchess.com"]
[Source "ChessBase"]
[SourceQuality "1"]

1. c4 c5 2. Nc3 Nf6 3. g3 Nc6 4. Bg2 g6 5. e3 Bg7 6. Nge2 O-O 7. O-O d6 8. d3 Bd7 9. Re1 Rb8 10. Rb1 Ne5 11. b4 cxb4 12. Rxb4 Bg4 13. Rf1 Nf3+ 14. Kh1 Ne5 15. Qc2 Bf3 16. Nf4 Qd7 17. h3 g5 18. Nfd5 Qxh3+ 0-1

[Event "1st FIDE OWCCCC Pools-East 2021"]
[Site "Online"]
[Date "2021.02.20"]
[Round "6.30"]
[White "Major, Balazs"]
[Black "Chidambaranathan, Sundaram"]
[Result "0-1"]
[WhiteElo "1771"]
[BlackElo "1661"]
[Annotator "NA"]
[PlyCount "74"]
[EventDate "2021.02.19"]
[EventType "team-tourn"]
[EventCountry "NET"]
[SourceTitle "playchess.com"]
[Source "ChessBase"]
[SourceQuality "1"]

1. e4 e5 2. f4 d6 3. Nf3 Nc6 4. d4 exd4 5. Nxd4 Qf6 6. Nxc6 bxc6 7. Nc3 g6 8. Be3 Bg7 9. Bc4 Be6 10. Qe2 Ne7 11. O-O Bxc4 12. Qxc4 O-O 13. Rad1 c5 14. Rd3 Qe6 15. Qxe6 fxe6 16. Nb5 Rfc8 17. b3 a6 18. Na3 Nc6 19. c3 Rf8 20. Nc4 Rae8 21. Bc1 Re7 22. g3 Ref7 23. Rdf3 e5 24. Kg2 exf4 25. gxf4 Re7 26. Re1 d5 27. Nd2 dxe4 28. Rxe4 Rfe8 29. Rfe3 Rxe4 30. Rxe4 Rd8 31. c4 Nd4 32. Nf3 Nxf3 33. Kxf3 Kf7 34. Be3 Bd4 35. Bxd4 cxd4 36. Re5 Kf6 37. Ke4 d3 0-1

[Event "1st FIDE OWCCCC Pools-East 2021"]
[Site "Online"]
[Date "2021.02.20"]
[Round "6.30"]
[White "Rashoev, Rezo"]
[Black "Upadhyayula, Sameer Kumar"]
[Result "1-0"]
[WhiteElo "1570"]
[BlackElo "1589"]
[Annotator "NA"]
[PlyCount "85"]
[EventDate "2021.02.19"]
[EventType "team-tourn"]
[EventCountry "NET"]
[SourceTitle "playchess.com"]
[Source "ChessBase"]
[SourceQuality "1"]

1. e4 c5 2. Nf3 d6 3. d4 cxd4 4. Nxd4 Nf6 5. Nc3 a6 6. f4 e6 7. a4 Qc7 8. Be3 Nbd7 9. Nb3 Be7 10. Bd3 Nc5 11. Nxc5 dxc5 12. O-O O-O 13. e5 Nd5 14. Nxd5 exd5 15. Qh5 g6 16. Qh6 c4 17. Be2 Bc5 18. Rf3 Bxe3+ 19. Rxe3 Qb6 20. Kf2 d4 21. f5 Bxf5 22. Rf3 d3+ 23. Kg3 dxe2 24. Rxf5 Qxb2 25. Re1 Qc3+ 26. Kf2 Qd4+ 27. Kg3 Qc3+ 28. Kf2 Qxc2 29. Rf3 Qe4 30. Rxe2 Qd4+ 31. Rfe3 c3 32. Qh3 Rae8 33. Ke1 c2 34. Rxc2 Rxe5 35. Rxe5 Qxe5+ 36. Re2 Qa1+ 37. Kf2 Qxa4 38. Qf3 Qc6 39. Qf4 Rc8 40. h4 Kg7 41. h5 Qf6 42. h6+ Kg8 43. Qxf6 1-0

[Event "1st FIDE OWCCCC Pools-East 2021"]
[Site "Online"]
[Date "2021.02.20"]
[Round "6.31"]
[White "Ramakrishnan, Venkat"]
[Black "Dorado Martin, Juan Jose"]
[Result "1-0"]
[WhiteElo "2066"]
[BlackElo "1573"]
[Annotator "NA"]
[PlyCount "97"]
[EventDate "2021.02.19"]
[EventType "team-tourn"]
[EventCountry "NET"]
[SourceTitle "playchess.com"]
[Source "ChessBase"]
[SourceQuality "1"]

1. e3 c5 2. b3 Nc6 3. Bb2 Nf6 4. g3 g6 5. Bg2 Bg7 6. d3 O-O 7. Nd2 Rb8 8. Qe2 d6 9. Ngf3 Qa5 10. O-O Bg4 11. h3 Bxf3 12. Bxf3 a6 13. Kg2 e6 14. h4 h5 15. a4 Qc7 16. Rab1 Qe7 17. Ne4 Nxe4 18. Bxe4 e5 19. f4 Rbe8 20. f5 Kh7 21. fxg6+ fxg6 22. Qxh5+ Kg8 23. Bd5+ Rf7 24. Rxf7 gxh5 25. Rxe7+ Kf8 26. Rxe8+ Kxe8 27. Bxc6+ bxc6 28. Rf1 Ke7 29. Rf5 Ke6 30. Rxh5 Kf6 31. Rg5 a5 32. Rxg7 Kxg7 33. Bc3 Kf6 34. Bxa5 Ke7 35. Kf3 Kd7 36. g4 Ke7 37. g5 Kf7 38. Kg4 Kg6 39. Bc7 d5 40. Bxe5 d4 41. h5+ Kh7 42. exd4 cxd4 43. Bxd4 Kg8 44. Kf5 Kf7 45. g6+ Ke7 46. h6 Kd6 47. g7 c5 48. Be5+ Kd5 49. g8=Q+ 1-0

[Event "1st FIDE OWCCCC Pools-East 2021"]
[Site "Online"]
[Date "2021.02.20"]
[Round "6.31"]
[White "Manukonda Arun"]
[Black "Mikheil, Mikaeliani"]
[Result "1-0"]
[WhiteElo "2033"]
[BlackElo "1440"]
[Annotator "NA"]
[PlyCount "61"]
[EventDate "2021.02.19"]
[EventType "team-tourn"]
[EventCountry "NET"]
[SourceTitle "playchess.com"]
[Source "ChessBase"]
[SourceQuality "1"]

1. d4 c6 2. c4 d5 3. Nf3 Nf6 4. e3 Bg4 5. Qb3 Qc8 6. Ne5 Be6 7. Nc3 Nbd7 8. f4 Nxe5 9. fxe5 Ne4 10. Nxe4 dxe4 11. Be2 b5 12. O-O a5 13. Qc2 f5 14. exf6 gxf6 15. cxb5 Bd5 16. Bh5+ Kd8 17. bxc6 Rg8 18. c7+ Qxc7 19. Qxc7+ Kxc7 20. Bd2 Bh6 21. Rac1+ Kd6 22. a3 Bb3 23. Rc5 a4 24. Kf2 Rg5 25. Rfc1 Bd5 26. Be2 Rag8 27. g3 Ba8 28. Bb4 Rxc5 29. Rxc5 Ke6 30. Bc4+ Kd7 31. Bxg8 1-0

[Event "1st FIDE OWCCCC Pools-East 2021"]
[Site "Online"]
[Date "2021.02.20"]
[Round "6.31"]
[White "Czyzykiewicz, Rafal"]
[Black "Chetverov, Dmitriy"]
[Result "1-0"]
[WhiteElo "1745"]
[BlackElo "1362"]
[Annotator "NA"]
[PlyCount "63"]
[EventDate "2021.02.19"]
[EventType "team-tourn"]
[EventCountry "NET"]
[SourceTitle "playchess.com"]
[Source "ChessBase"]
[SourceQuality "1"]

1. e4 c5 2. c3 g6 3. d4 b6 4. Nf3 Bg7 5. Bd3 Nf6 6. e5 Nd5 7. Be4 Bb7 8. c4 Ne3 9. fxe3 Bxe4 10. O-O O-O 11. Nc3 Bd3 12. Rf2 Bxc4 13. b3 Ba6 14. Bb2 Nc6 15. Rc1 d6 16. exd6 exd6 17. a3 Ne7 18. e4 Nc6 19. Nd5 Bb7 20. dxc5 dxc5 21. Bxg7 Kxg7 22. Rd2 Re8 23. Qc2 Rc8 24. Qb2+ f6 25. Rcd1 Nd4 26. Nxd4 cxd4 27. Qxd4 Qd6 28. Qa4 Qc5+ 29. Kh1 a5 30. Qd7+ Re7 31. Nxe7 Rc7 32. Nf5+ 1-0

[Event "1st FIDE OWCCCC Pools-East 2021"]
[Site "Online"]
[Date "2021.02.20"]
[Round "6.31"]
[White "Yurkovskaya, Yana"]
[Black "Fernandez Camacho, Pedro Jose"]
[Result "1/2-1/2"]
[WhiteElo "1578"]
[BlackElo "1813"]
[Annotator "NA"]
[PlyCount "146"]
[EventDate "2021.02.19"]
[EventType "team-tourn"]
[EventCountry "NET"]
[SourceTitle "playchess.com"]
[Source "ChessBase"]
[SourceQuality "1"]

1. c4 e5 2. Nc3 Nc6 3. g3 d6 4. Bg2 Be6 5. b3 Be7 6. e3 Nf6 7. Nge2 Qd7 8. Bb2 Bh3 9. O-O Bxg2 10. Kxg2 O-O-O 11. d4 Qg4 12. h3 Qf5 13. Rc1 h5 14. a3 g5 15. Nd5 g4 16. h4 Nxd5 17. cxd5 Qe4+ 18. Kg1 Qxd5 19. Nc3 Qa5 20. b4 Qa6 21. b5 Qb6 22. bxc6 Qxb2 23. Nd5 Rde8 24. Rb1 Qxa3 25. Rxb7 Qa6 26. Rxc7+ Kb8 27. Qb3+ Ka8 28. Qb7+ Qxb7 29. cxb7+ Kb8 30. Rxe7 Rxe7 31. Nxe7 Kxb7 32. Rb1+ Kc7 33. Nf5 Ra8 34. Rc1+ Kd7 35. Ng7 exd4 36. exd4 a5 37. Nxh5 a4 38. Nf6+ Ke6 39. Nxg4 a3 40. Ra1 a2 41. Ne3 Ra4 42. Nc2 Kf5 43. Kg2 Kg6 44. Kf3 Kf5 45. g4+ Kf6 46. h5 Kg5 47. Kg3 d5 48. f4+ Kh6 49. Kh4 Kh7 50. Kg5 Kg7 51. Kf5 Kg8 52. g5 Kg7 53. h6+ Kh8 54. Kf6 Kg8 55. g6 Ra6+ 56. Ke7 fxg6 57. Nb4 Ra4 58. Nxd5 Ra7+ 59. Kf6 Kh7 60. Ne7 Ra3 61. Nxg6 Ra6+ 62. Kf5 Kxh6 63. Rh1+ Kg7 64. Ra1 Kh6 65. Nf8 Ra8 66. Rh1+ Kg7 67. Ne6+ Kf7 68. Rh7+ Kg8 69. Kg6 a1=Q 70. Rg7+ Kh8 71. Rh7+ Kg8 72. Rg7+ Kh8 73. Rh7+ Kg8 1/2-1/2

[Event "1st FIDE OWCCCC Pools-East 2021"]
[Site "Online"]
[Date "2021.02.20"]
[Round "6.31"]
[White "Sumithra, Thevaky U"]
[Black "Dalma, Timar"]
[Result "1/2-1/2"]
[WhiteElo "1052"]
[BlackElo "938"]
[Annotator "NA"]
[PlyCount "123"]
[EventDate "2021.02.19"]
[EventType "team-tourn"]
[EventCountry "NET"]
[SourceTitle "playchess.com"]
[Source "ChessBase"]
[SourceQuality "1"]

1. e4 e5 2. Nf3 d6 3. Bc4 Nc6 4. d3 Bd7 5. Bg5 f6 6. Be3 Nb4 7. c3 Nc6 8. O-O Nh6 9. d4 exd4 10. cxd4 Qe7 11. Nc3 Ng4 12. Bd2 a6 13. Qe1 Nb4 14. Qc1 b5 15. Bd5 Rb8 16. h3 Nh6 17. Bxh6 gxh6 18. Qf4 Rg8 19. e5 Be6 20. exf6 Qf7 21. Rae1 Qg6 22. Rxe6+ Kd7 23. Re7+ Bxe7 24. Bxg8 Bxf6 25. Bb3 Rg8 26. g3 h5 27. Bxg8 Bxd4 28. Qxd4 Qxg8 29. Qxb4 c6 30. h4 Qg4 31. Qxg4+ hxg4 32. Ng5 h5 33. f3 gxf3 34. Rxf3 b4 35. Ne2 d5 36. Nh7 c5 37. Rf5 Kd6 38. Nf4 d4 39. b3 a5 40. Kf1 a4 41. bxa4 c4 42. Rd5+ Kc6 43. Rxd4 c3 44. Ne2 Kc5 45. Rd7 c2 46. Rc7+ Kd5 47. Rxc2 Ke4 48. Rb2 Kf3 49. Nd4+ Kxg3 50. Rxb4 Kxh4 51. a5 Kg4 52. a6 h4 53. a7 h3 54. a8=Q Kg3 55. Qg8+ Kf4 56. Ne2+ Ke5 57. Rb5+ Ke4 58. Qg4+ Kd3 59. Qxh3+ Kc4 60. Rb2 Kd5 61. Qh5+ Ke4 62. Rb3 1/2-1/2

[Event "1st FIDE OWCCCC Pools-East 2021"]
[Site "Online"]
[Date "2021.02.20"]
[Round "6.32"]
[White "Benyo, Tamas"]
[Black "Tanvi Thakur"]
[Result "1-0"]
[WhiteElo "2059"]
[BlackElo "1185"]
[Annotator "NA"]
[PlyCount "63"]
[EventDate "2021.02.19"]
[EventType "team-tourn"]
[EventCountry "NET"]
[SourceTitle "playchess.com"]
[Source "ChessBase"]
[SourceQuality "1"]

1. d4 d6 2. Nc3 Nf6 3. e4 Nc6 4. Bf4 g6 5. Qd2 Bd7 6. Nf3 Bg7 7. O-O-O Ng4 8. h3 Nf6 9. g4 h6 10. g5 hxg5 11. Bxg5 a6 12. Kb1 Bc8 13. Qe3 Bg4 14. Bg2 Bxf3 15. Bxf3 Qd7 16. e5 Nh7 17. Bg4 e6 18. exd6 Qxd6 19. d5 Ne5 20. dxe6 Qf8 21. exf7+ Qxf7 22. f4 Nxg5 23. fxg5 O-O 24. Be2 Rae8 25. Qg3 Nc6 26. Rhf1 Qe7 27. Bc4+ Kh8 28. Qh4+ Bh6 29. Qxh6+ Qh7 30. Rxf8+ Rxf8 31. Qxf8+ Qg8 32. Qxg8# 1-0

[Event "1st FIDE OWCCCC Pools-East 2021"]
[Site "Online"]
[Date "2021.02.20"]
[Round "6.32"]
[White "Diasamidze, Mariam"]
[Black "Sridhar V"]
[Result "0-1"]
[WhiteElo "2016"]
[BlackElo "1122"]
[Annotator "NA"]
[PlyCount "128"]
[EventDate "2021.02.19"]
[EventType "team-tourn"]
[EventCountry "NET"]
[SourceTitle "playchess.com"]
[Source "ChessBase"]
[SourceQuality "1"]

1. d4 Nf6 2. c4 e6 3. Nc3 Bb4 4. a3 Bxc3+ 5. bxc3 d5 6. Nf3 O-O 7. c5 c6 8. Bg5 Nbd7 9. e3 Qa5 10. Qb3 Ne4 11. Qb4 Qxb4 12. cxb4 Nxg5 13. Nxg5 e5 14. O-O-O e4 15. h4 h6 16. Nh3 b6 17. Nf4 b5 18. g4 g6 19. g5 h5 20. Bh3 a5 21. Kb2 Re8 22. Bxd7 Bxd7 23. Ra1 Ra7 24. Ne2 Rea8 25. Rhb1 axb4 26. axb4 Rxa1 27. Rxa1 Rxa1 28. Kxa1 Kg7 29. Kb2 f6 30. Kc1 fxg5 31. hxg5 h4 32. Kd2 h3 33. Ng3 Bg4 34. Ke1 Bf3 35. Kf1 h2 36. Ke1 h1=Q+ 37. Nxh1 Bxh1 38. Kf1 Bf3 39. Kg1 Kf7 40. Kh2 Ke6 41. Kg3 Kf5 42. Kh4 Be2 43. Kh3 Kxg5 44. Kg3 Kf5 45. Kh4 g5+ 46. Kg3 Bf1 47. f3 exf3 48. Kxf3 Bd3 49. Kg3 Be4 50. Kh3 g4+ 51. Kg3 Kg5 52. Kh2 Kh4 53. Kg1 Kg3 54. Kf1 Kf3 55. Kg1 Kxe3 56. Kh2 Kf3 57. Kh1 g3 58. Kg1 g2 59. Kh2 Kf2 60. Kh3 g1=Q 61. Kh4 Qg3+ 62. Kh5 Qg6+ 63. Kh4 Kf3 64. Kh3 Qg3# 0-1

[Event "1st FIDE OWCCCC Pools-East 2021"]
[Site "Online"]
[Date "2021.02.20"]
[Round "6.32"]
[White "Gyorfi, Norbert"]
[Black "Dananjey Prabu"]
[Result "0-1"]
[WhiteElo "1712"]
[BlackElo "1312"]
[Annotator "NA"]
[PlyCount "100"]
[EventDate "2021.02.19"]
[EventType "team-tourn"]
[EventCountry "NET"]
[SourceTitle "playchess.com"]
[Source "ChessBase"]
[SourceQuality "1"]

1. d4 Nf6 2. c4 g6 3. Nc3 Bg7 4. Nf3 d6 5. Bg5 O-O 6. e3 Nbd7 7. Bd3 Re8 8. O-O e5 9. dxe5 Nxe5 10. Nxe5 dxe5 11. Ne4 Bf5 12. Qc2 Bxe4 13. Bxe4 c6 14. Rad1 Qc7 15. Bxf6 Bxf6 16. Rd2 Rad8 17. Rfd1 Rxd2 18. Rxd2 Rd8 19. h3 Be7 20. a3 b6 21. Rxd8+ Bxd8 22. Qd3 f5 23. Bxf5 gxf5 24. Qxf5 c5 25. Qe6+ Kg7 26. Qg4+ Kh8 27. g3 Bf6 28. Qf5 Bg7 29. Qe6 Qd8 30. Kh2 Qf8 31. Kg2 h6 32. b3 Qf6 33. Qe8+ Kh7 34. Qa8 a5 35. Qb7 h5 36. g4 hxg4 37. hxg4 Qg6 38. Kg3 e4 39. Kf4 Qh6+ 40. g5 Qh4+ 41. Kf5 Qxf2+ 42. Ke6 Qxe3 43. Qxb6 Qh3+ 44. Kd5 Qf5+ 45. Kc6 Qe6+ 46. Kb5 Qxb6+ 47. Kxb6 e3 48. Kxc5 e2 49. Kb5 e1=Q 50. c5 Be5 0-1